00632nam a2200157 a 450000500170000000800410001705000230005810000230008124501100010425000130021426000770022730000270030452100090033165000670034065000670040720140310183442.0021021s19uu xx 00 eng d aKPM 3110b.D4 2005 aDe Leon, Hector S. aThe Law on transfer and business taxation :cHector S. De Leon.billustrations, problems, and solutions / a13th ed. aManila, Philippines :bPublished & distributed by Rex Book Store,c2005. axxxi, 548 p. :c22 cm. aBSBA aInheritance and transfer taxxlaw and legislationxPhilippines aBusiness enterprisesxtaxationxlaw & legislationxPhilippines